000 00595nam a2200193Ia 4500
005 20250508153856.0
008 008 250505s9999 xx 000 0 eng d
037 _aTextual
040 _aFEDL
_beng
_cFEDL
041 _aeng
_2eng
084 _a371.26, INT
_qFEDL
245 0 _aMarking of english essays
245 0 _cInternational Institute Examination Enquiry
260 _aLondon, UK
_bThe Macmillan and Company Limited
_c1941
300 _axv,165p.
650 _aEducational - Tests and Measurements
_9758953
942 _cTEXL
_h371.26, INT
999 _c1346088
_d1346088